| 000 | 00948nam2a22002531 4500 | ||
|---|---|---|---|
| 001 | RU\NLR\Per\633583 | ||
| 005 | 20250617175146.0 | ||
| 010 | _a978-5-87184-459-5 | ||
| 035 | _a(NLR Aleph) 002883555 | ||
| 090 |
_a3299469 _c3299469 |
||
| 100 | _a20091001d2008 |||y0rusy50 ca | ||
| 101 | 0 | _arus | |
| 102 | _aRU | ||
| 105 | _ay ||||000|y | ||
| 200 | 0 | _aВып.4 | |
| 210 |
_d2008 _aБ. м. |
||
| 461 | 0 |
_1001RU\NLR\INFOCOMM55\5000173347 _12001#$aЧелябинск неизвестный$eКраевед. сб.$fЦентр ист.-культ. наследия г. Челябинска$vВып.4 _91884722 _cЧелябинск _d1996- _fЦентр ист.-культ. наследия г. Челябинска _oКраевед. сб. _tЧелябинск неизвестный _vВып.4 |
|
| 801 | 1 |
_aRU _bInfoComm _c20050912 |
|
| 801 | 0 |
_aRU _bNLR _gPSBO |
|
| 852 |
_aNLR _jП22/6825 |
||
| 942 | _cISSUE | ||
| 980 | _aNB | ||
| 980 | _aRUSPER | ||